| 000 | 01015nam2a22002411 4500 | ||
|---|---|---|---|
| 001 | RU\NLR\INFOCOMM33\1000065886 | ||
| 005 | 20250617064040.0 | ||
| 035 | _a(NLR Aleph) 002528087 | ||
| 090 |
_a2823964 _c2823964 |
||
| 100 | _a20040419d1922 |||y0rusy50 ca | ||
| 101 | 0 | _arus | |
| 102 | _aRU | ||
| 105 | _ay ||||||||| | ||
| 200 | 1 | _a(Техника и эксплоатация в 1921году) | |
| 210 |
_d1922 _aБ. м. |
||
| 461 | 0 |
_1001RU\NLR\INFOCOMM33\1000065880 _12001#$aМатериалы по статистике путей сообщения$fНКПС. Центр. отд. статистики и картографии$vВып.7 _92823921 _cМ. _d1921 _fНКПС. Центр. отд. статистики и картографии _nТранспечать _tМатериалы по статистике путей сообщения _vВып.7 |
|
| 801 | 1 |
_aRU _bInfoComm _c20040419 |
|
| 801 | 0 |
_aRU _bNLR _gPSBO |
|
| 852 |
_aNLR _j17.134.5.71 |
||
| 942 | _cISSUE | ||
| 980 | _aNB | ||
| 980 | _aRUSPER | ||